01325nam a2200325Ia 4500001000700000003000500007008004100012010001100053040000900064090001700073100003600090245019000126260004100316300001000357502009600367650002800463650002700491650003200518650003100550650002400581650004600605901001700651902000600668910000900674942000600683942000600689999001900695952014200714952014300856Z_5279CHAP220113s2005 xx 000 0 und d a168343 cCHAP aTesis G 1880 aGómez Pérez, Dolores949857 aEfecto del nivel de energía y proteína de la dieta en el consumo, cambios de peso y producción de leche de vacas Holstein en el periodo de transición /cDolores Gómez Pérez aChapingo, Méx. :bEl autor,c2005 a67 h. aTesis (Maestro en Ciencias Esp. en Producción Animal) -- UACH. Departamento de Zootecnia aGanado Holstein 945133 aGanado lechero 945237 aGanado vacunoxPeso 945504 aLechexProducción965400 aNutrición animal  aProteínas en nutrición animal 992454 aTESIS G 1880 aM a2005 c2 c2 c168343d168343 00102local4051708TESISaZbZd2005-12-14eEl autorl0oTesis G66 1880 2005p5101003150r2022-01-18 00:00:00tEj.1w2022-01-18yTESIS 00102local4055708TESISaZbZd2005-12-14eEl autorl0oTesis G66 1880 2005 p5101003151r2022-01-18 00:00:00tEj.2w2022-01-18yTESIS